[Event "Festival Primavera Cattolica 2022"]
[Site "Cattolica"]
[Date "2022.03.17"]
[Round "2.1"]
[White "Reuker, Jari"]
[Black "Bernadskiy, Vitaliy"]
[Result "1/2-1/2"]
[WhiteElo "2425"]
[BlackElo "2601"]
[Annotator "TA"]
[PlyCount "102"]
[EventDate "2022.03.16"]
[EventType "swiss"]
[EventCountry "ITA"]
[SourceTitle "playchess.com"]
[Source "ChessBase"]
[SourceQuality "1"]

{[%evp 10,102,9,11,6,14,6,0,0,0,3,0,30,30,29,21,20,16,29,25,12,15,10,13,10,10,32,32,22,29,27,31,26,28,30,26,32,25,25,26,43,6,6,6,8,0,0,0,0,0,0,0,0,0,0,0,0,0,0,0,0,0,0,0,0,0,0,0,0,0,0,0,0,0,0,0,0,0,0,0,-28000,-28000,-28000,-28000,-28000,-28000,-28000,-28000,-28000,-28000,-28000,-28000,-28000,-28000,-28000]} 1. e4 e6 2. d4 d5 3. e5 c5 4. c3 Nc6 5. Nf3 Qc7 6. Bd3 cxd4 {C02: French: Advance Variation.} 7. cxd4 Nb4 $1 8. Nc3 Nxd3+ {The position is equal.} 9. Qxd3 Bd7 10. O-O Qc4 11. Qxc4 dxc4 12. d5 exd5 13. Nxd5 {Pair of Knights!} Rc8 {Inhibits Nc7+.} 14. Be3 b6 15. a4 {[#]} Ne7 $146 ({Predecessor:} 15... Bc6 16. Rfd1 Bxd5 17. Rxd5 Ne7 18. Rdd1 Nc6 19. Rac1 Na5 20. Nd4 Bc5 21. Nf5 Bxe3 {1-0 (45) Opitz,P-Schatz,H GER email 2008}) 16. Nxe7 Bxe7 17. a5 Bc5 18. Bxc5 Rxc5 19. axb6 axb6 20. Ra8+ Bc8 21. Rb8 O-O 22. Rxb6 Bg4 23. Re1 (23. Nd2 {looks sharper.} Rd8 24. Rd6 Rb8 25. h3 Bf5 26. g4) 23... Bxf3 24. gxf3 $11 {[%mdl 4096] Endgame KRR-KRR} Re8 25. Re3 g5 26. Rb4 Kg7 27. Kg2 Kg6 28. Kg3 Rcxe5 29. Rxe5 Rxe5 30. Rxc4 {KR-KR} Re2 31. b4 Rb2 32. f4 h6 33. fxg5 hxg5 34. h4 Rb3+ 35. f3 f5 36. hxg5 Kxg5 37. Rd4 Ra3 38. Rd5 Rb3 39. Rb5 Ra3 40. Rb8 {[#] Threatens to win with Rg8+.} f4+ 41. Kf2 {aiming for b5.} Ra2+ 42. Ke1 {And now b5 would win.} Rb2 43. b5 {Black must now prevent b6.} Kh4 44. Rg8 $2 {[%mdl 8192] [#]} (44. b6 $11 Kg3 45. b7 Kxf3 46. Kd1) 44... Rxb5 45. Rg4+ {Mate.} Kh3 46. Rxf4 Kg3 47. Rf8 Rb2 48. f4 Kf3 49. f5 Kf4 50. f6 Kf5 51. Kf1 Ke5 {[%mdl 32768] Weighted Error Value: White=0.01 (flawless) /Black=0.02 (flawless) . An unexpected result.} 1/2-1/2

[Event "Festival Primavera Cattolica 2022"]
[Site "Cattolica"]
[Date "2022.03.17"]
[Round "2.2"]
[White "Azarov, Sergei"]
[Black "Moksh Amit Doshi"]
[Result "1-0"]
[WhiteElo "2600"]
[BlackElo "2396"]
[Annotator "TA"]
[PlyCount "41"]
[EventDate "2022.03.16"]
[EventType "swiss"]
[EventCountry "ITA"]
[SourceTitle "playchess.com"]
[Source "ChessBase"]
[SourceQuality "1"]

{[%evp 13,41,13,34,40,37,16,34,-23,30,16,93,73,68,49,79,37,160,147,469,468,564,549,612,586,626,604,29979,1077,29973,6495]} 1. e4 e5 2. Nf3 Nc6 3. Bc4 Bc5 4. d3 Nf6 5. Bg5 {[%cal Bc1g5,Bg5h4,Bh4g3][%mdl 32]} h6 6. Bh4 d6 7. c3 {Nowadays more popular than 7.h3.} a6 8. Nbd2 {C54: Giuoco Piano: 4 c3 Nf6, main lines with 5 d4 and 5 d3.} Ba7 9. O-O Qe7 10. d4 $5 {[%mdl 4] Leaves trodden paths.} (10. b4 $14) 10... g5 ({Better is} 10... exd4 11. cxd4 Nxd4) 11. Bg3 $1 $11 {[#]} g4 $146 {[#]} (11... Bd7 $11) ({Predecessor:} 11... Bd7 12. d5 Nb8 13. b4 Nh5 14. Kh1 Bc8 15. Bb3 O-O 16. Nc4 Kg7 17. Bc2 Nd7 {1-0 (80) Maia,V (2332)-Pereira,N (2363) ICCF email 2019}) 12. Bh4 $1 $16 Rg8 (12... gxf3 13. Qxf3) 13. Ne1 exd4 14. Nd3 (14. cxd4 $16 Nxd4 15. Rc1) 14... Be6 {[#]} (14... dxc3 $14 15. bxc3 Kf8) 15. Bd5 $1 {Bxc6+ is the strong threat.} O-O-O $2 {[%mdl 8192] A mistake that costs the game.} (15... Ne5 $16 {is tougher.}) 16. Bxc6 $18 dxc3 {[#]} (16... bxc6 $2 17. Nb4 $18) 17. bxc3 bxc6 (17... Rg5 18. Bxg5) 18. Qa4 {[%csl LRa6,LRc6] Hoping for Nb4.} Bb6 19. Nb4 Bd7 20. Qxa6+ Kb8 21. Nc4 {Weighted Error Value: White=0.10 (very precise) /Black=1.11} 1-0

[Event "Festival Primavera Cattolica 2022"]
[Site "Cattolica"]
[Date "2022.03.17"]
[Round "2.3"]
[White "Hess, Max"]
[Black "Basso, Pier Luigi"]
[Result "0-1"]
[WhiteElo "2395"]
[BlackElo "2600"]
[Annotator "TA"]
[PlyCount "92"]
[EventDate "2022.03.16"]
[EventType "swiss"]
[EventCountry "ITA"]
[SourceTitle "playchess.com"]
[Source "ChessBase"]
[SourceQuality "1"]

{[%evp 10,92,0,0,0,0,8,0,0,0,0,0,4,0,0,0,0,0,0,0,8,0,35,6,17,-30,-32,-58,-69,-164,-177,-168,-167,-184,-158,-168,-166,-167,-161,-174,-156,-163,-155,-150,-153,-163,-137,-147,-147,-191,-175,-213,-194,-192,-203,-250,-207,-240,-243,-235,-231,-232,-228,-366,-366,-438,-466,-410,-458,-452,-457,-447,-459,-446,-465,-577,-574,-545,-543,-588,-545,-655,-623,-565,-530]} 1. Nf3 d5 2. g3 g6 3. Bg2 Bg7 4. O-O e5 5. d3 Nc6 6. e4 dxe4 {A07: Réti Opening: New York and Capablanca Systems.} 7. dxe4 Qxd1 8. Rxd1 Bg4 {The position is equal.} 9. c3 {To avoid Nd4} f6 $5 {[%mdl 4] Exploring less charted territory.} 10. Na3 {[%cal Bb1a3,Ba3c4,Bc4e3][%mdl 32]} Bd7 {[#]} 11. Nc4 $146 ({Predecessor:} 11. b4 O-O-O 12. Re1 Be6 13. Bf1 Bh6 14. Bb2 Nge7 15. Nc4 Rd7 16. a4 Nd8 17. b5 {½-½ (38) Perevertkin,V (2605)-Manso Gil,A (2579) ICCF email 2016}) 11... O-O-O 12. Ne3 Nge7 13. b4 Be6 14. Re1 Rd7 15. Bf1 Nd8 {[%cal Bc6d8,Bd8f7,Bf7g5,Bg5e4,Be4d2][%mdl 32]} 16. a4 Nf7 17. Nd2 (17. b5 {is more appropriate.}) 17... Rhd8 18. Bc4 Bxc4 19. Ndxc4 {Black keeps a firm grip on the game.} (19. Nexc4 $15 Rd3 20. Nb1) 19... Ng5 $19 20. Kg2 Nxe4 21. Bb2 Nd2 {[%cal Oe7d5]} 22. Nxd2 Rxd2 23. Nc4 R2d3 24. Rac1 Nf5 25. Rc2 Bh6 26. Bc1 Bxc1 {Black is more active.} 27. Rcxc1 a6 28. Re2 h5 29. h4 (29. Kf1 $17) 29... Rd1 30. Rxd1 Rxd1 {[%mdl 4096] Endgame KRN-KRN} 31. Nd2 Nd6 32. c4 Ra1 33. c5 Nf5 {Strongly threatening ...Nd4.} ({And not} 33... Rxa4 34. cxd6 Rxb4 35. dxc7 $11) 34. Ne4 Nd4 ({Weaker is} 34... Rxa4 35. Nxf6 Rxb4 36. Rxe5 $11) 35. Rd2 f5 36. Ng5 (36. Nc3 $142) 36... Rxa4 37. Nf7 Nc6 38. Nh8 Rxb4 39. Nxg6 {Black is clearly winning.} Rg4 40. Nf8 a5 41. Nh7 Rg6 {Inhibits Nf6.} 42. Kh3 b5 43. cxb6 cxb6 44. f3 Kc7 45. Nf8 Rf6 46. Nh7 Rd6 {Weighted Error Value: White=0.23 (precise) /Black=0.06 (flawless)} 0-1

[Event "Festival Primavera Cattolica 2022"]
[Site "Cattolica"]
[Date "2022.03.17"]
[Round "2.4"]
[White "Jobava, Baadur"]
[Black "Ohanyan, Emin"]
[Result "1-0"]
[WhiteElo "2588"]
[BlackElo "2379"]
[Annotator "TA"]
[PlyCount "103"]
[EventDate "2022.03.16"]
[EventType "swiss"]
[EventCountry "ITA"]
[SourceTitle "playchess.com"]
[Source "ChessBase"]
[SourceQuality "1"]

{[%evp 25,103,-19,28,30,22,19,39,42,33,32,59,36,40,0,47,55,60,71,66,44,46,37,74,66,69,31,27,25,37,26,30,32,27,20,50,50,111,122,111,82,82,33,33,10,22,21,134,120,108,77,392,399,385,390,390,391,400,391,393,187,187,56,64,6,170,148,134,158,145,120,530,564,558,554,548,539,539,535,645,637]} 1. d4 Nf6 2. c4 e6 3. Nc3 Bb4 4. e3 O-O 5. Bd3 d5 6. Nf3 dxc4 7. Bxc4 c5 8. O-O cxd4 9. exd4 b6 10. Qe2 Bb7 11. Rd1 Bxc3 12. bxc3 Qc7 13. Bd3 Nbd7 (13... Qxc3 {is superior.} 14. Bb2 Qb4) 14. c4 $11 {E55: Nimzo-Indian: Rubinstein: Main Line: 7...dxc4 8 Bxc4 Nbd7.} Rfe8 15. Bb2 Bxf3 16. Qxf3 {White is slightly better.} ({But not} 16. gxf3 e5 $11) 16... e5 17. Qg3 Qb8 18. Qh3 {[%cal Od3h7]} Qc7 19. Qg3 {[#]} Qb8 $146 ({Predecessor:} 19... Nh5 20. Qh4 Nhf6 {½-½ (20) Portisch,F (2475)-Vadasz,L (2490) Zalaegerszeg 1979}) 20. d5 e4 21. Be2 Qxg3 22. hxg3 Nc5 23. a4 {[%cal Ba2a4,Ba4a5][%mdl 32]} Rac8 24. a5 Nd3 25. Bxd3 (25. Bxf6 $5 gxf6 26. axb6 (26. Bxd3 exd3 27. Rxd3 Rxc4 $16) 26... axb6 27. Bxd3 exd3 28. Rxd3 $16) 25... exd3 26. Rxd3 {Strongly threatening Bxf6.} Rxc4 27. d6 {[%cal Bd5d6,Bd6d7][%mdl 32]} Rd8 28. axb6 axb6 29. Ra7 Ne4 30. Rc7 Ra4 ({Black should try} 30... Nc5 $14 31. Re3 h6) 31. d7 $16 {White threatens Rc8 and mate.} Raa8 {To avoid Rc8} 32. Ra3 {Rxa8 would kill now.} Rab8 33. Be5 (33. Raa7 $1 $16) 33... f6 $1 $14 34. Bf4 $36 {[%mdl 2048] Rca7 is the strong threat. White has good play.} g5 $1 35. Be3 {aiming for Ra6.} Kf8 (35... Nc5 $11 {remains equal.}) 36. Bd4 $16 Kf7 {[%cal Oe4c5]} 37. g4 {Threatens to win with Rb3. White is more active.} Ke6 $2 {[%mdl 8192]} (37... Nc5 $16) 38. Re3 $18 Kd5 39. Rd3 {[%csl LRb6,LRf6] Black must now prevent Bxf6+.} Ke6 40. Bb2 Kf7 41. Rc6 {Hoping for Re3.} Ke7 42. Ba3+ (42. Rc8 $142) 42... Kf7 43. Rc7 {To avoid Rb7} (43. f3 $18 Nc5 44. Rdd6 (44. Bxc5 bxc5 45. Rdd6 Ke7 $16)) 43... Nc5 $14 44. Rd6 ({White should play} 44. Bxc5 $14 bxc5 45. Rxc5) 44... Ne4 $2 {[#]} (44... Rb7 $11 45. Rcc6 Nxd7) 45. Rdc6 $1 $18 Nc5 {[#]} 46. Bb2 $1 ({Resist} 46. Bxc5 $6 bxc5 47. Rd6 (47. Rxc5 Rb1+ 48. Kh2 Rd1 $11) 47... Rb1+ 48. Kh2 Rb2 $14) 46... Ne6 47. Rc8 {And now Rxb8 would win.} Ke7 $2 {[%mdl 8192]} (47... Ra8 $16 48. Bc3 Ke7 49. Rxa8 Rxa8) 48. Rxb8 {White is clearly winning.} Rxb8 49. Ba3+ Kf7 50. Rc8 Rb7 {[#]} 51. Rf8+ $3 {[%mdl 512]} Kg6 {[#]} (51... Kg7 52. d8=Q) 52. Bb2 $1 {[%mdl 512] Weighted Error Value: White=0.19 (very precise) /Black=0.47} 1-0

[Event "Festival Primavera Cattolica 2022"]
[Site "Cattolica"]
[Date "2022.03.17"]
[Round "2.5"]
[White "Wachinger, Nikolas"]
[Black "Dardha, Daniel"]
[Result "1/2-1/2"]
[WhiteElo "2398"]
[BlackElo "2541"]
[Annotator "TA"]
[PlyCount "62"]
[EventDate "2022.03.16"]
[EventType "swiss"]
[EventCountry "ITA"]
[SourceTitle "playchess.com"]
[Source "ChessBase"]
[SourceQuality "1"]

{[%evp 16,62,32,7,28,27,28,17,31,20,27,22,25,27,28,29,25,19,12,16,22,12,19,0,0,-14,0,0,12,20,39,39,63,68,71,66,81,12,12,16,16,22,27,-28,-28,-20,0,0,0]} 1. e4 e5 2. Nf3 Nf6 3. Nxe5 d6 4. Nf3 Nxe4 5. d4 d5 6. Bd3 Bd6 7. O-O O-O 8. c4 c6 9. Qc2 h6 {C42: Petroff Defence: 3 Nxe5 and unusual White 3rd moves.} 10. Re1 Be6 11. cxd5 cxd5 12. Bxe4 dxe4 13. Qxe4 Bd5 {A strong pair of Bishops.} 14. Qg4 {next Bxh6 is good for White.} Qd7 15. Qxd7 Nxd7 {[%cal Bb8d7,Bd7e5,Be5d3][%mdl 32]} 16. Nc3 Bxf3 17. gxf3 Rfd8 18. Be3 {[#]} Rac8 $146 ({Predecessor:} 18... Nf8 19. Red1 Ng6 20. Rac1 Rac8 21. Ne4 Rxc1 22. Rxc1 Bb8 23. Nc5 b6 24. Nb7 Rf8 {1-0 (51) Abdusattorov,N (2644)-Sadhwani,R (2522) Moscow 2020}) 19. d5 Ne5 20. Kg2 Nd3 {[%cal Od6a3] White must now prevent ...Ba3!} 21. Re2 $1 b6 22. Nb5 {[%cal Bc3b5,Bb5a7,Ba7c6][%mdl 32]} Bb8 23. d6 {Hoping for Rd1.} Bxd6 24. Nxa7 Ra8 25. Nc6 Rdc8 {[#]} 26. Rd2 $1 Rxc6 $11 (26... Nf4+ $2 27. Bxf4 Bxf4 28. Ne7+ Kh7 29. Nxc8 Bxd2 30. Nxb6 $18) 27. Rxd3 Be5 28. Rb3 Rg6+ 29. Kh3 (29. Kf1 $142) 29... Ra5 $1 {( -> ...Bf6)} 30. Rb4 $1 ({Wrong is} 30. Bxb6 $2 Rd5 31. Rb4 {[#]} Bxb2 $1 $19 {[%mdl 512]}) (30. Rxb6 {gets mated.} Bf6 31. Rb8+ Kh7) 30... Bxb2 31. Rb1 Ba3 {Weighted Error Value: White=0.12 (very precise) /Black=0.05 (flawless)} 1/2-1/2

[Event "Festival Primavera Cattolica 2022"]
[Site "Cattolica"]
[Date "2022.03.17"]
[Round "2.6"]
[White "Bosiocic, Marin"]
[Black "Formento, Paolo"]
[Result "1-0"]
[WhiteElo "2522"]
[BlackElo "2359"]
[Annotator "TA"]
[PlyCount "47"]
[EventDate "2022.03.16"]
[EventType "swiss"]
[EventCountry "ITA"]
[SourceTitle "playchess.com"]
[Source "ChessBase"]
[SourceQuality "1"]

{[%evp 9,47,29,34,31,29,28,61,50,60,55,60,60,67,66,56,40,76,72,170,182,193,165,201,194,199,211,195,85,84,81,209,211,216,201,359,338,329,246,214,215]} 1. d4 Nf6 2. c4 e6 3. Nf3 d5 4. g3 h6 5. Bg2 Bd6 6. O-O {E01: Catalan: Early deviations.} O-O 7. b3 Nc6 8. Bb2 {White is slightly better.} Re8 9. Nbd2 a5 {[%cal Oa5a4] [#]} 10. a3 $146 ({Predecessor:} 10. h3 b6 11. Ne5 Ne7 12. Nd3 Nf5 13. e4 dxe4 14. Nxe4 Nxe4 15. Bxe4 Rb8 16. Qf3 Qg5 17. Ne5 Bxe5 18. dxe5 {1-0 (18) Sanchez,C (1659)-Quevedo Bonilla,P (1314) Pereira 2022}) 10... b6 11. Qc2 {Black must now prevent cxd5.} Bb7 12. Rac1 Rb8 13. Rfd1 Ne4 (13... Rc8 $16) 14. Nxe4 $18 dxe4 15. Qxe4 Qe7 16. c5 $1 bxc5 17. dxc5 Bxc5 18. Ne5 (18. Qg4 $18 {[%csl Gb2][%cal Rg4g7] has better winning chances.} e5 19. Rd7) 18... Nd4 $16 19. Qg4 $40 {[%mdl 128] Black is in trouble. White is more active.} Bxg2 {This move loses the game for Black.} (19... Nxb3 $16 {might work better.} 20. Rc4 Qg5) 20. Kxg2 $18 Nxb3 {[#]} (20... f5 $2 21. Qh5 $18) 21. Rc4 {Strongly threatening Rd7.} Qg5 $2 {[#]} ({Not} 21... Qf6 22. Rf4 Qg5 23. Qf3 (23. Qxg5 hxg5 24. Rxf7 Bd6 $14)) (21... Bd6 {was called for.}) 22. Qf3 $1 f5 23. h4 Qf6 24. Bc3 {Weighted Error Value: White=0.12 (very precise) /Black=0.26 (precise)} 1-0

[Event "Festival Primavera Cattolica 2022"]
[Site "Cattolica"]
[Date "2022.03.17"]
[Round "2.7"]
[White "Begmuratov, Khumoyun"]
[Black "Nesterov, Arseniy"]
[Result "1/2-1/2"]
[WhiteElo "2358"]
[BlackElo "2522"]
[Annotator "TA"]
[PlyCount "24"]
[EventDate "2022.03.16"]
[EventType "swiss"]
[EventCountry "ITA"]
[SourceTitle "playchess.com"]
[Source "ChessBase"]
[SourceQuality "1"]

{[%evp 9,24,28,33,29,22,22,32,-3,26,0,70,63,50,64,75,90,96]} 1. e4 c6 2. Nf3 d5 3. d3 Qc7 4. Nbd2 e5 5. d4 exd4 $1 6. exd5 {B10: Caro-Kann: 2 d3 and 2 c4.} Nf6 7. Nxd4 Nxd5 {[#]} 8. N2f3 $146 {White is slightly better.} ({Predecessor:} 8. Bc4 Qe5+ 9. Qe2 Qxe2+ 10. Kxe2 Nf4+ 11. Kf3 Ng6 12. Re1+ Be7 13. Bd3 O-O 14. c3 {½-½ (26) Schubert,G (1989)-Kuhn,G (2180) Baiersbronn 1998}) 8... Be7 9. Bd3 Nf4 (9... Nd7 $11) 10. Bxf4 $14 Qxf4 11. Qe2 {0-0 is the strong threat.} Bg4 12. O-O Qxd4 {Weighted Error Value: White=0.09 (flawless) /Black=0.22 (precise)} 1/2-1/2

[Event "Festival Primavera Cattolica 2022"]
[Site "Cattolica"]
[Date "2022.03.17"]
[Round "2.8"]
[White "Woelk, Tom-Frederic"]
[Black "Dvirnyy, Danyyil"]
[Result "0-1"]
[WhiteElo "2348"]
[BlackElo "2496"]
[Annotator "TA"]
[PlyCount "64"]
[EventDate "2022.03.16"]
[EventType "swiss"]
[EventCountry "ITA"]
[SourceTitle "playchess.com"]
[Source "ChessBase"]
[SourceQuality "1"]

{[%evp 24,64,49,36,57,61,50,47,64,0,0,0,0,0,0,0,0,0,0,0,0,0,0,0,0,0,0,-143,-125,-1145,-1145,-1094,-1044,-1238,-1218,-1688,-1710,-1439,-1428,-1418,-1371,-1253,-1217]} 1. d4 d5 2. c4 e6 3. Nc3 c5 4. cxd5 cxd4 5. Qa4+ Bd7 6. Qxd4 exd5 7. Qxd5 Nf6 8. Qd1 Bc5 9. Nf3 O-O 10. e3 Qe7 11. Be2 Rd8 12. O-O Nc6 {[%cal Bb8c6,Bc6e5,Be5f3][%mdl 32]} 13. a3 Rac8 {D32: Tarrasch Defence: Sidelines and lines without g3.} 14. b4 Bd6 15. Bb2 Ne5 {[#] White is slightly better.} 16. Qe1 $146 ({Better is} 16. Rc1 $14) ({Predecessor:} 16. Nxe5 Qxe5 17. g3 Bh3 18. Qb3 Bxf1 19. Rxf1 Qf5 20. Nb5 Be5 21. Nxa7 Rc2 22. Bxe5 Rxe2 23. Bxf6 Rdd2 24. Qa4 gxf6 25. Qb5 Rxf2 {0-1 (25) Jarosz,S (2012)-Karlsson,B (2020) ICCF email 2018}) 16... Nfg4 $11 17. g3 Nxf3+ $1 18. Bxf3 Ne5 {[%cal Bg4e5,Be5f3,Bf3e1][%mdl 32]} 19. Qe2 ({Of course not} 19. Bxb7 Be6 20. f4 Qxb7 21. fxe5 Bxe5 $17) 19... Rxc3 20. Bxc3 Bb5 $1 21. Qxb5 Nxf3+ 22. Kh1 $1 {Threatens to win with Rad1.} Qe4 {And now ...Nh4+ would win.} 23. Qh5 {Hoping for Rad1.} Bf8 24. Qh3 g5 25. g4 {[#]} (25. Qg2 $11 {remains equal.}) 25... Rd6 $1 $36 {[%mdl 3072] Strongly threatening ...Rh6. Black has strong compensation. Black is on the roll. Black is much more active.} 26. Kg2 $2 {[%mdl 8192] This costs White the game.} (26. Qg2 $17 Rh6 27. Rad1 (27. h3 f5 $17)) 26... Ne1+ $19 {[%mdl 64] Discovered Attack (Double check). Black is clearly winning.} 27. Kg1 {[#]} Rh6 $1 28. Qg3 (28. Raxe1 Rxh3) 28... Nf3+ 29. Kg2 {[#]} Bd6 $1 {[%mdl 64] ( -> ...Ne1+). Skewer} 30. Rad1 Rxh2+ 31. Qxh2 Nxh2+ 32. f3 Qc2+ {Weighted Error Value: White=0.98/Black=0.01 (flawless)} 0-1

[Event "Festival Primavera Cattolica 2022"]
[Site "Cattolica"]
[Date "2022.03.17"]
[Round "2.9"]
[White "Dimitrov, Radoslav"]
[Black "Park, Evan"]
[Result "1-0"]
[WhiteElo "2487"]
[BlackElo "2296"]
[Annotator "ChessBase"]
[PlyCount "61"]
[EventDate "2022.03.16"]
[EventType "swiss"]
[EventCountry "ITA"]
[SourceTitle "playchess.com"]
[Source "ChessBase"]
[SourceQuality "1"]
[TimeControl "30/3600+30:1800+30"]

1. e4 {[%emt 0:11:50]} e5 {[%emt 0:00:01]} 2. Nf3 {[%emt 0:00:15]} Nc6 {[%emt 0:00:03]} 3. Nc3 {[%emt 0:00:08]} Nf6 {[%emt 0:00:52]} 4. Bb5 {[%emt 0:00:02]} Nd4 {[%emt 0:06:15]} 5. Bc4 {[%emt 0:02:37]} Bc5 {[%emt 0:00:04]} 6. Nxe5 {[%emt 0:00:09]} Qe7 {[%emt 0:03:37]} 7. Nd3 {[%emt 0:00:02]} d5 {[%emt 0:09:10]} 8. Bxd5 {[%emt 0:00:02]} Bg4 {[%emt 0:16:30]} 9. f3 {[%emt 0:01:00]} Nxf3+ {[%emt 0:03:30]} 10. gxf3 {[%emt 0:00:14]} Nxd5 {[%emt 0:00:01]} 11. Qe2 {[%emt 0:06:48]} Nxc3 {[%emt 0:02:28]} 12. dxc3 {[%emt 0:01:57]} Bd7 {[%emt 0:03:58]} 13. Be3 {[%emt 0:00:05]} Bd6 {[%emt 0:01:03]} 14. c4 {[%emt 0:04:29]} b6 {[%emt 0:02:09]} 15. O-O-O {[%emt 0:00:21]} O-O-O {[%emt 0:01:56]} 16. Qg2 {[%emt 0:01:54]} Qf8 {[%emt 0:05:35]} 17. c5 {[%emt 0:04:55]} bxc5 {[%emt 0:02:16]} 18. c4 {[%emt 0:08:02]} Bc6 {[%emt 0:05:29]} 19. Qf2 {[%emt 0:01:23]} f5 {[%emt 0:00:44]} 20. e5 {[%emt 0:04:51]} f4 {[%emt 0:00:21]} 21. Bxc5 {[%emt 0:01:55]} Bxc5 {[%emt 0:00:06]} 22. Nxc5 {[%emt 0:00:01]} Qf5 {[%emt 0:00:53]} 23. e6 {[%emt 0:03:45]} Qe5 {[%emt 0:01:53]} 24. Rxd8+ {[%emt 0:03:27]} Rxd8 {[%emt 0:00:09]} 25. Re1 {[%emt 0:00:02]} Qh5 {[%emt 0:02:22]} 26. b4 {[%emt 0:07:50]} g5 {[%emt 0:01:08]} 27. e7 {[%emt 0:01:40]} Re8 {[%emt 0:00:11]} 28. Qd4 {[%emt 0:01:07]} Qxf3 {[%emt 0:00:45]} 29. Kb1 {[%emt 0:01:21]} Qa3 {[%emt 0:00:59]} 30. Rd1 {[%emt 0:00:00]} Qxb4+ {[%emt 0:00:00]} 31. Ka1 {[%emt 0:00:12]} 1-0

[Event "Festival Primavera Cattolica 2022"]
[Site "Cattolica"]
[Date "2022.03.17"]
[Round "2.10"]
[White "Bettalli, Francesco"]
[Black "Roshka, Yevgeniy"]
[Result "0-1"]
[WhiteElo "2323"]
[BlackElo "2478"]
[Annotator "TA"]
[PlyCount "86"]
[EventDate "2022.03.16"]
[EventType "swiss"]
[EventCountry "ITA"]
[SourceTitle "playchess.com"]
[Source "ChessBase"]
[SourceQuality "1"]

{[%evp 9,86,58,48,52,44,40,44,52,49,40,42,47,68,36,50,33,45,51,60,32,29,33,43,41,74,37,47,49,54,68,68,5,8,4,8,4,4,10,0,6,4,0,12,0,0,-64,-67,-75,-73,-77,-74,-188,-156,-188,-188,-187,-186,-1384,-207,-207,-88,-88,-88,-88,-46,-53,-54,-53,-54,-29977,-29978,-29979,-29980,-29980,-29981,-29985,-29984,-29985,8]} 1. e4 e6 2. d4 d5 3. Bd3 c5 4. exd5 Qxd5 5. Nc3 Qd8 6. dxc5 {C01: French: Exchange Variation.} Bxc5 7. Nf3 Nf6 8. O-O {White is slightly better.} O-O 9. Bg5 Nc6 10. Qe2 Be7 {[#]} 11. a3 $146 ({Predecessor:} 11. Rfd1 Qc7 12. Nb5 Qb6 13. a3 a6 14. Nc3 Qc7 15. Bh4 b5 16. a4 b4 17. Ne4 {1-0 (50) Yildiz Kadioglu,B (2343)-Fataliyeva,U (2258) Izmir 2016}) 11... h6 12. Bf4 Bd6 13. Bxd6 Qxd6 14. Ne4 Qe7 15. Nxf6+ Qxf6 16. c3 e5 17. Be4 (17. Qe4 $5 {[%cal Re4h7]} g6 18. Qe3 $14) 17... Re8 18. Rfe1 Bg4 19. h3 $1 Bxf3 20. Qxf3 ({Better is} 20. Bxf3 $14 Rad8 21. Rad1) 20... Qxf3 $11 21. Bxf3 Rad8 22. Rad1 Rxd1 23. Rxd1 {[%mdl 4096] Endgame KRB-KRN} e4 24. Be2 Re7 25. Kf1 Ne5 {To avoid Bc4} 26. Rd4 f5 27. Ke1 {[#]} (27. g4 $11) 27... Nf3+ $1 $15 28. gxf3 exf3 {[%mdl 64] Pin. KRB-KR} 29. Rd2 {[%cal Oc3c4]} g5 $1 30. Kf1 fxe2+ 31. Rxe2 Rxe2 32. Kxe2 $19 {[#] KP-KP} b5 {aiming for ...Kf7.} 33. Kd3 $2 (33. h4) 33... Kf7 $2 (33... h5 34. c4 bxc4+ 35. Kxc4 h4) 34. c4 bxc4+ 35. Kxc4 h5 36. Kd3 h4 (36... Ke6 $17 {( -> ...h4)} 37. f3 h4) 37. Ke3 $1 $15 Ke6 ({Don't play} 37... g4 38. hxg4 fxg4 39. Kf4 $11) 38. f3 {Prevents g4.} Kd5 39. a4 $2 {[%mdl 8192] [#] This costs White the game.} (39. b3 $15 Kd6 40. b4) 39... a5 $1 {Black mates.} 40. f4 g4 41. hxg4 fxg4 42. f5 h3 43. f6 Ke5 $2 {[%mdl 32768] Weighted Error Value: White=0.43/Black=0.24 (precise) . Sensor Board Error (Ke4/e5)?} (43... Ke6 {mates} 44. Kf2 Kxf6 45. Kg3 Kf5 46. b4 axb4 47. a5 b3 48. a6 b2 49. a7 b1=Q 50. a8=Q Qe1+ 51. Kh2 Qf2+ 52. Kh1 Qf3+ 53. Qxf3+ gxf3 54. Kg1 Ke4 55. Kh2 f2 56. Kxh3 f1=Q+ 57. Kh2 Ke3 58. Kg3 Qg1+ 59. Kh3 Kf4 60. Kh4 Qh2#) 0-1